000 01623nam0a2200361 4500
001 RU\NLR\BIBL_A\012011011
005 20250522110602.0
010 _a978-5-6041728-4-1
_9300
021 _aRU
_bКН-П-19-027942
_9КН-П-19-2110
035 _a(NLR Aleph) 012011011
035 _a(RuMoRGB)009952456
090 _a11451172
_c11451172
100 _a20190515d2018 u y0rusy50 ca
101 0 _arus
_aeng
102 _aRU
105 _aa|||bzzz000zy
200 1 _aМонеты античного Херсонеса
_dCoins of antique Chersonese
_eкаталог-определитель
_fТуровский Е. Я.
_zeng
210 _aСевастополь
_cИзд-во ИП Бондаренко Н. Ю.
_d2018
215 _a105 с.
_cил.
_d29
300 _aАвт. также на англ. яз.: Turovsky E. Ya.
300 _aНа 4-й с. обл. авт.: Туровский Е. Я., к.ист.н.
300 _aТекст рус., англ.
320 _aБиблиогр.: с. 98-105
510 1 _6z22790
_aCoins of antique Chersonese
_zeng
606 1 _aМонеты античные
_jКаталоги
_yПричерноморье Северное
_92154041
_3RU\NLR\AUTH\661601670
686 1 _aТ221(2)24я26
700 1 _7ca
_8rus
_aТуровский
_bЕ. Я.
_f1956-2022
_gЕвгений Яковлевич
_9206585
_3RU\NLR\AUTH\770206637
790 1 _6z22510
_7ba
_8rus
_aTurovskij
_bE. J.
_f1956-2022
_gEvgenij Jakovlevič
_9206587
_3RU\NLR\AUTH\770206639
942 _cBOOK
980 _aNBR
980 _aNB